| 000 | 00369 a2200169 4500 | ||
|---|---|---|---|
| 001 | 72426 | ||
| 020 | _a8502028855 | ||
| 040 | _cAnchieta - Colégio São Paulo | ||
| 100 | _aAguiar,Luiz Antonio | ||
| 240 | 1 | 0 |
_aMachado e Juca _lpor |
| 245 | 1 | 0 | _aMachado e Juca |
| 300 | _a173 | ||
| 362 | 0 | _a2001 | |
| 440 | 1 | _aSaraiva | |
| 650 | 4 | _aLiteratura juvenil | |
| 942 | _cBK | ||
| 999 |
_c72426 _d72426 |
||